| 000 | 00325nam a2200121Ia 4500 | ||
|---|---|---|---|
| 005 | 20251222155117.0 | ||
| 008 | 251222s9999||||xx |||||||||||||| ||spa|| | ||
| 082 | _aEDUM.27,1-2/Ej.2 | ||
| 100 | _aFacultad de Educación | ||
| 245 | 0 | _aFormación magisterial educación y desrrollo regional | |
| 264 | _bNo tiene | ||
| 942 | _cLIB | ||
| 999 |
_c38267 _d38267 |
||